Countries of Asia That Start With a Vowel - Statistics

General Stats
  • This quiz has been taken 34 times
  • The average score is 11 of 12
Answer Stats
Answer % Correct
Oman
100%
Afghanistan
94%
Indonesia
94%
Azerbaijan
90%
India
90%
Uzbekistan
90%
Armenia
87%
East Timor
84%
Iran
84%
Iraq
84%
Israel
81%
United Arab Emirates
81%
No matching quizzes found
Score Distribution
Percent of People with Each Score
Percentile by Number Answered
Your Score History
You have not taken this quiz